000 01574cam a2200433 i 4500
999 _c4115
_d4115
001 17709821
003 Nust
005 20170105101620.0
008 130424s2013 nyu d 000 1 eng
010 _a 2013014014
020 _a9780385742658 (hc)
020 _a9780385742658 (lib. bdg.)
020 _a9780385374910 (intl. tr. pbk.)
020 _a9780385383721
020 _z9780307976314 (ebook)
040 _aDLC
_beng
_cDLC
_erda
_dDLC
042 _apcc
_alcac
050 0 0 _aPZ7.K15655
_bTe 2013
082 0 0 _a823
_bKAT
084 _aJUV026000
_2bisacsh
100 1 _aKate, Lauren.
245 1 0 _aTeardrop /
_cLauren Kate.
250 _aFirst edition.
264 1 _aNew York :
_bDelacorte Press,
_c2013
300 _a441pages ;
_c22 cm
336 _atext
_2rdacontent
337 _aunmediated
_2rdamedia
338 _avolume
_2rdacarrier
500 _a"Book 1 in the Teardrop series"--Jacket.
520 _aSince Eureka's mother drowned, she wishes she were dead too, but after discovering that an ancient book is more than a story Eureka begins to believe that Ander is right about her being involved in strange things--and in grave danger.
650 1 _aMagic
_vFiction.
650 1 _aDepression, Mental
_vFiction.
650 1 _aLove
_vFiction.
650 7 _aJUVENILE FICTION / Love & Romance.
_2bisacsh
856 4 2 _3Cover image
_u9780385742658.jpg
906 _a7
_bcbc
_corignew
_d1
_eecip
_f20
_gy-gencatlg
942 _2ddc
_cBK